000 00752na a2200253 4500
001 17003
003 MIRAKIL
005 20181213154732.0
008 161020b tu 000 0
040 _aMilas
_btur
_cTR-AnCHP
041 _atur
082 _a349.561
_bT96 1974
090 _a349.561 T96 1974
245 _aTürk hukuku ve toplumu üzerine incelemeler
_cEditörler Adnan Güriz, Peter Benedict
260 _aAnkara
_bTürkiye Kalkınma Vakfı
_c1974
_fSevinç Matbaası
300 _axxii, 596 s.
_btbl.
_c24 sm.
490 _aTürkiye Kalkınma Vakfı
_v1
504 _aKaynakça var.
651 _aTürkiye
_xCeza hukuku
651 _aTürkiye
_xÖzel hukuk
700 _aBenedict, Peter
700 _aGüriz, Adnan
942 _2ddc
_cBKS
999 _c78
_d78